Sprostredkovanie poistenia
Úlohy a význam sprostredkovateľov na poistnom trhu. História sprostredkovateľskej činnosti vo svete a na Slovensku. Príslušná legislatíva a špecifiká vyplývajúce zo začlenenia Slovenskej republiky do vnútorného trhu EÚ.
Guardado en:
| Autor principal: | |
|---|---|
| Formato: | Capítulo de libro |
| Lenguaje: | eslovaco |
| Materias: | |
| Etiquetas: |
Sin Etiquetas, Sea el primero en etiquetar este registro!
|
MARC
| LEADER | 00000naa$a2200000$$$4500 | ||
|---|---|---|---|
| 001 | 0066300 | ||
| 005 | 20240502071803.3 | ||
| 041 | 0 | |a slo | |
| 044 | |a SK | ||
| 245 | 1 | 0 | |a Sprostredkovanie poistenia |c Dana Palacková |
| 520 | |a Úlohy a význam sprostredkovateľov na poistnom trhu. História sprostredkovateľskej činnosti vo svete a na Slovensku. Príslušná legislatíva a špecifiká vyplývajúce zo začlenenia Slovenskej republiky do vnútorného trhu EÚ. | ||
| 610 | 2 | 0 | |a poistenie |
| 610 | 2 | 0 | |a sprostredkovatelia |
| 610 | 2 | 0 | |a poisťovne |
| 610 | 2 | 0 | |a legislatíva |
| 610 | 2 | 0 | |a trh poistný |
| 100 | 1 | |a Palacková, Dana | |